000 00446nam a2200181Ia 4500
001 16764
005 20260306170335.0
008 260306t2014||||xx |||||||||||||| ||und||
041 _aESP
082 _a349.85
_bR24
100 _aRamos Núñez, Carlos,
_eAUT
245 0 _aCultura jurídica, proceso y hombres del foro
260 _c2014
300 _a159 páginas :
_c24 cm.
650 _aGEN
654 _aCDE
942 _cLIB
_dJUS
_fJUS
_2ddc
_n
999 _c16764
_d16764